[Event "Kuwait Rapid op"]
[Site "Kuwait"]
[Date "2023.12.02"]
[Round "3"]
[White "Alghadhwi, Abdurahman"]
[Black "Nithyanand, Arnav"]
[Result "0-1"]
[WhiteElo "1163"]
[BlackElo "1409"]
[PlyCount "32"]
[EventDate "2023.12.02"]
[EventType "swiss (rapid)"]
[EventRounds "9"]
[EventCountry "KUW"]
[SourceTitle "CB50_2023"]
[SourceDate "2023.12.13"]
[SourceVersion "1"]
[SourceVersionDate "2023.12.13"]
[SourceQuality "1"]

1. e4 e5 2. Nf3 Nc6 3. Bb5 a6 4. Bxc6 dxc6 5. 0-0 Bd6 6. Nxe5 Bxe5 7. Qh5 Qf6 8. c3 c5 9. Rd1 Nh6 10. d4 cxd4 11. cxd4 Bxd4 12. Nd2 Bg4 13. Qd5 Qxf2+ 14. Kh1 Bxd1 15. Nf3 Qf1+ 16. Ng1 Qxg1# 0-1

[Event "Kuwait Rapid op"]
[Site "Kuwait"]
[Date "2023.12.02"]
[Round "8"]
[White "Alsayer, Bader"]
[Black "Alghadhwi, Abdurahman"]
[Result "1-0"]
[WhiteElo "1130"]
[BlackElo "1163"]
[PlyCount "59"]
[EventDate "2023.12.02"]
[EventType "swiss (rapid)"]
[EventRounds "9"]
[EventCountry "KUW"]
[SourceTitle "CB50_2023"]
[SourceDate "2023.12.13"]
[SourceVersion "1"]
[SourceVersionDate "2023.12.13"]
[SourceQuality "1"]

1. e4 e5 2. Nc3 f5 3. Bc4 c6 4. exf5 d5 5. Qh5+ g6 6. fxg6 Nf6 7. g7+ Nxh5 8. gxh8Q Nf6 9. Be2 Bf5 10. g4 Bxc2 11. g5 Be4 12. f3 d4 13. Nxe4 Nxe4 14. Qxe5+ Be7 15. fxe4 Qb6 16. Bh5+ Kd8 17. Qh8+ Kc7 18. d3 Bb4+ 19. Kf1 Bd6 20. Qxh7+ Nd7 21. Bg4 Rf8+ 22. Kg2 Rd8 23. Nf3 Kb8 24. Bxd7 Rxd7 25. Qxd7 c5 26. e5 Bc7 27. e6 Qd6 28. Bf4 Qxf4 29. Qe8+ Bd8 30. Qxd8# 1-0

[Event "Kuwait Rapid op"]
[Site "Kuwait"]
[Date "2023.12.02"]
[Round "2"]
[White "Bou Hamdan, Hani"]
[Black "Alghadhwi, Abdurahman"]
[Result "0-1"]
[WhiteElo "1111"]
[BlackElo "1163"]
[PlyCount "90"]
[EventDate "2023.12.02"]
[EventType "swiss (rapid)"]
[EventRounds "9"]
[EventCountry "KUW"]
[SourceTitle "CB50_2023"]
[SourceDate "2023.12.13"]
[SourceVersion "1"]
[SourceVersionDate "2023.12.13"]
[SourceQuality "1"]

1. e4 e5 2. Nf3 Nc6 3. Nc3 Nf6 4. d4 exd4 5. Nxd4 Nxd4 6. Qxd4 d6 7. e5 c5 8. Qe3 Ng4 9. Qe4 Nxe5 10. f4 f5 11. Qe3 Qe7 12. fxe5 dxe5 13. Nd5 Qd6 14. Nf4 Be7 15. Nd3 e4 16. Nf2 0-0 17. Bc4+ Kh8 18. 0-0 b6 19. Rd1 Qg6 20. Nh3 Bf6 21. Nf4 Qg4 22. Bd2 Bd4 23. Qxd4 cxd4 24. h3 Qh4 25. Nd5 Be6 26. Bb4 Rfd8 27. Rxd4 Rac8 28. Bb3 Bxd5 29. Bxd5 Qf6 30. c3 Qe5 31. Rad1 e3 32. Bb7 Rxd4 33. cxd4 e2 34. Rd3 e1Q+ 35. Bxe1 Qxe1+ 36. Kh2 Re8 37. Bc6 Re6 38. Ba4 Re3 39. Rd1 Qg3+ 40. Kh1 Re1+ 41. Rxe1 Qxe1+ 42. Kh2 f4 43. d5 Qf2 44. d6 f3 45. Kh1 Qxg2# 0-1